A STUDY TO ASSESS THE EFFECTIVENESS OF PROTOCOL REGARDING SPECIFIC HEALTH SERVICES PROVIDED BY ANGANWADI WORKERS UNDER ICDS PROGRAMME IN SELECTED RURAL COMMUNITY IN CHATTISHGARH ( P.HD.) (Record no. 83758)

MARC details
000 -LEADER
fixed length control field 00584nam a22001337a 4500
005 - DATE AND TIME OF LATEST TRANSACTION
control field 20250729125946.0
008 - FIXED-LENGTH DATA ELEMENTS--GENERAL INFORMATION
fixed length control field 230110b |||||||| |||| 00| 0 eng d
041 ## - LANGUAGE CODE
Language code of text/sound track or separate title ENG.
082 ## - DEWEY DECIMAL CLASSIFICATION NUMBER
Item number VIN
100 ## - MAIN ENTRY--PERSONAL NAME
Author DR. M.S. VINSI
245 ## - TITLE STATEMENT
Title A STUDY TO ASSESS THE EFFECTIVENESS OF PROTOCOL REGARDING SPECIFIC HEALTH SERVICES PROVIDED BY ANGANWADI WORKERS UNDER ICDS PROGRAMME IN SELECTED RURAL COMMUNITY IN CHATTISHGARH ( P.HD.)
260 ## - PUBLICATION, DISTRIBUTION, ETC.
Place of publication, distribution, etc. SHRADHA ASHAWAN SHRI JAGDISHPRASAD JHABARMAL TIBREWALA UNIVERSITY FOT THE DEGREE OF DOCTOR OF PHILOSOPHY IN NURSING
Date of publication, distribution, etc. 2022
942 ## - ADDED ENTRY ELEMENTS (KOHA)
Koha item type Dissertation
Holdings
Withdrawn status Lost status Source of classification or shelving scheme Damaged status Not for loan Home library Current library Date acquired Total Checkouts Full call number Barcode Date last seen Bill Date Koha item type Original Barcode
    Dewey Decimal Classification     Sitabai Nargundkar College of Nursing Nagpur Sitabai Nargundkar College of Nursing Nagpur     VIN SNCN-DN-129 05/05/2023 10/01/2023 Dissertation 129